000 00834nam a2200217 a 4500
003 0
005 20250421094941.0
008 090806s19uu xx 00 eng d
050 _aPGS QA 11.2
_b.T258 2003
100 _aTee, Lendyl Lloyd Barrientos
245 _aCauses of math anxiety to grade six students of SISC school year 2002-2003 /
_cLendyl Lloyd Barrientos Tee.
260 _aLas PiƱas City, Philippines :
_bSouthville International School and Colleges,
_c2003.
300 _a47 pages :
_billustrations ;
_c28 cm.
504 _aIncludes bibliographic references.
650 _aMathematics anxiety.
650 _aLearning difficulties
_vMathematics.
650 _aAnxiety in children.
650 _aStress in children
_vMathematics.
650 _aMathematics
_vStudy and teaching (Elementary).
942 _2lcc
_cPASS
999 _c96927
_d96927